Famosos por letra - I - Estadísticas

Estadísticas generales
  • Esta prueba ha sido intentada 65 veces
  • La puntuación promedio es 5 de 16
Estadísticas de respuestas
Imagen Respuesta % Correcto
Isabel II
98%
Iker Casillas
86%
Isabel Pantoja
74%
Ian Somerhalder
47%
Idris Elba
44%
Iggy Azalea
39%
Irina Shayk
35%
Ian McKellen
23%
Ivanka Trump
23%
Idina Menzel
16%
Immanuel Kant
9%
Isabel Allende
9%
Isla Fisher
9%
Irene Cara
4%
Iñigo Aguas
2%
Itziar Aizpuru
0%
No se encontraron pruebas coincidentes
Distribución de puntuación
Porcentaje de gente con cada puntuación
Porcentaje por número respondido
Historial de tus puntuaciones
No has intentado esta prueba.